Detalles MARC
| 000 -LIDER |
| fixed length control field |
01526nam a22003497a 4500 |
| 001 - NÚMERO DE CONTROL |
| Identificador de número de control |
00341 |
| 003 - IDENTIFICACDOR DE NÚMERO DE CONTROL |
| control field |
DO-SdBNP |
| 005 - DATE AND TIME OF LATEST TRANSACTION |
| control field |
20180313101921.0 |
| 007 - CAMPOS FIJOS DE DESCRIPCIÓN FÍSICA |
| fixed length control field |
00341 |
| 008 - ELEMENTOS DE LONGITUD FIJA |
| fixed length control field |
160510b dr 2000 ||||| |||| 00| 0 spa d |
| 020 ## - ISBN |
| International Standard Book Number |
8482613294 |
| 040 ## - FUENTE DE CATALOGACIÓN |
| Agencia que crea de manera original el registro |
BPMSU |
| Idioma de catalogación |
spa |
| Agencia que realiza la transcripción |
BPMSU |
| 092 ## - LOCALLY ASSIGNED DEWEY DECIMAL CALL NUMBER |
| Número de clasificación |
372.832 |
| Número de ítem (Cutter) |
M828c 2do. 2000 |
| 100 1# - ASIENTO PRINCIPAL -- NOMBRE PERSONAL |
| Nombre personal |
Morales, Marcos |
| 245 1# - MENCIÓN DE TITULO |
| Título |
Cívica 2, educación media : |
| Subtítulo |
las relaciones internacionales. 2do. curso / segundo ciclo / |
| Mención de responsabilidad |
Marcos Morales ; dirección editorial Obdulia García de Escobar ; editora Margarita Castro Catrain |
| 260 ## - PUBLICACIÓN, DISTRIBUCIÓN, ETC. (PIE DE IMPRENTA) |
| Lugar de publicación, distribución, etc |
Santo Domingo : |
| Nombre del editor, distribuidor, etc. |
Santillana, |
| Fecha de publicación, distribución, etc |
2000. |
| 300 ## - DESCRIPCIÓN FÍSICA |
| Extensión |
119 p. : |
| Otros detalles físicos |
il., |
| Dimensiones |
28 cm. |
| 500 ## - NOTA GENERAL |
| Nota general |
Edición anotada para el profesor. |
| 500 ## - NOTA GENERAL |
| Nota general |
2do. curso/segundo ciclo |
| 505 ## - NOTA DE CONTENIDO |
| Título |
La economía entre el Estado y el mercado -- |
| -- |
El derecho internacional -- |
| -- |
Las organizaciones internacionales -- |
| -- |
La influencia regional -- |
| -- |
Política exterior de República Dominicana -- |
| -- |
El planeta se globaliza -- |
| -- |
Nuestra cultura. |
| 650 #4 - ENCABEZAMIENTO DE MATERIA--TEMÁTICO |
| Término temático o nombre geográfico como elemento de entrada |
EDUCACIÓN CÍVICA |
| Subdivisión temática general |
ENSEÑANZA BÁSICA |
| 650 #4 - ENCABEZAMIENTO DE MATERIA--TEMÁTICO |
| Término temático o nombre geográfico como elemento de entrada |
EDUCACIÓN CÍVICA |
| Subdivisión temática general |
ESTUDIOS Y EJERCICIOS |
| 650 #4 - ENCABEZAMIENTO DE MATERIA--TEMÁTICO |
| Término temático o nombre geográfico como elemento de entrada |
EDUCACIÓN CÍVICA |
| Subdivisión temática general |
LIBROS DE TEXTOS |
| 650 #4 - ENCABEZAMIENTO DE MATERIA--TEMÁTICO |
| Término temático o nombre geográfico como elemento de entrada |
EDUCACIÓN CÍVICA |
| Subdivisión temática general |
EDUCACIÓN SECUNDARIA |
| 650 #4 - ENCABEZAMIENTO DE MATERIA--TEMÁTICO |
| Término temático o nombre geográfico como elemento de entrada |
EDUCACIÓN SECUNDARIA |
| Subdivisión geográfica |
REPÚBLICA DOMINICANA |
| 700 12 - ASIENTO SECUNDARIO -- NOMBRE PERSONAL |
| Nombre personal |
García de Escobar, Obdulia, |
| Mención de responsabilidad |
ed. |
| 700 12 - ASIENTO SECUNDARIO -- NOMBRE PERSONAL |
| Nombre personal |
Castro Catrain, Margarita, |
| Mención de responsabilidad |
ed. |
| 910 ## - VALIDACIÓN |
| Validación |
Validado. Control de calidad MFF |
| 942 ## - ADDED ENTRY ELEMENTS (KOHA) |
| Source of classification or shelving scheme |
Dewey Decimal Classification |
| Koha item type |
Libros |
| 945 ## - INFORMACIÓN DE PROCESAMIENTO LOCAL |
| Información de procesamiento local |
inventariado, 2018 / dg |
| 956 ## - LOCAL ELECTRONIC LOCATION AND ACCESS (OCLC) |
| Nombre de host |
BTAVÁREZ |
| Número de acceso |
10 |
| Información de compresión |
20160510 |
| Trayectoria |
00341 |